Microsoft SQL Server7.0 Notesfor the field / (Record no. 62702)

MARC details
000 -LEADER
fixed length control field 00527nam a22001577a 4500
005 - DATE AND TIME OF LATEST TRANSACTION
control field 20120214105859.0
020 ## - INTERNATIONAL STANDARD BOOK NUMBER
International Standard Book Number 8120317920
Terms of availability 595.00
035 ## - SYSTEM CONTROL NUMBER
System control number B-41313
037 ## - SOURCE OF ACQUISITION
Stock number dpl
100 ## - MAIN ENTRY--PERSONAL NAME
Personal name Deploying
245 ## - TITLE STATEMENT
Title Microsoft SQL Server7.0 Notesfor the field /
Statement of responsibility, etc Deploying
260 ## - PUBLICATION, DISTRIBUTION, ETC. (IMPRINT)
Place of publication, distribution, etc New Delhi
Name of publisher, distributor, etc Prentice Hall of India
Date of publication, distribution, etc 1999
300 ## - PHYSICAL DESCRIPTION
Extent XXII 570p.
Dimensions 22 cms.
942 ## - ADDED ENTRY ELEMENTS (KOHA)
Source of classification or shelving scheme Dewey Decimal Classification
Item type English Books
Classification part 005.754
Call number suffix DEP
Holdings
Withdrawn status Lost status Not for loan Home library Current library Date acquired Full call number Barcode Koha item type
      Sarojini Nagar Sarojini Nagar 14/02/2012 005.754 DEP B-41313 English Books

© Delhi Public Library
Hit Counter
free hit counter